Động cơ đốt trong tàu cá

সংরক্ষণ করুন:
গ্রন্থ-পঞ্জীর বিবরন
প্রধান লেখক: Quách Đình Liên
বিন্যাস: গ্রন্থ
ভাষা:Undetermined
প্রকাশিত: Hà Nội Nông nghiệp 1992
বিষয়গুলি:
ট্যাগগুলো: ট্যাগ যুক্ত করুন
কোনো ট্যাগ নেই, প্রথমজন হিসাবে ট্যাগ করুন!
Thư viện lưu trữ: Trung tâm Học liệu Trường Đại học Cần Thơ
LEADER 00550nam a2200181Ia 4500
001 CTU_66615
008 210402s9999 xx 000 0 und d
082 |a 621.43 
082 |b L305 
100 |a Quách Đình Liên 
245 0 |a Động cơ đốt trong tàu cá 
245 0 |c Quách Đình Liên 
260 |a Hà Nội 
260 |b Nông nghiệp 
260 |c 1992 
650 |a combustion engineering,internal combustion engines,thermodynamics 
904 |i Truc 
980 |a Trung tâm Học liệu Trường Đại học Cần Thơ